Oeuvres de Maurice Maeterlinck. (Registro nro. 325375)

Detalles MARC
000 -ENCABEZADO
Número de control [NR] 01364nam a2200253 4500
005 - FECHA Y HORA DE LA ÚLTIMA TRANSACCIÓN
control field 20250321153314.0
008 - DE LONGITUD FIJA DE DATOS DE ELEMENTOS - INFORMACIÓN GENERAL
Elementos de longitud fija [NR] 250321s1914 fr |||||r|||| 00| e fre d
040 ## - FUENTE DE CATALOGACION [NR]
Agencia de catalogación original [NR] CO-BoUCM
Idioma de catalogación [NR] spa
Quien Cataloga Sandra Yazo
Quien Clasifica Sandra Yazo
041 1# - CODIGO DE IDIOMA [R]
Código de idioma para texto/pista de sonido o título separado [R] Francés
082 04 - NUMERO DE CLASIFICACION DECIMAL DEWEY [R]
Número de la edición [NR] 20
Número de clasificación [R] 844
092 ## - SIGNATURA TOPOGRAFICA LOCAL
Número de clasificación local E54N058
100 1# - ASIENTO PRINCIPAL--NOMBRE PERSONAL [NR]
Nombre personal [NR] Maeterlinck, Maurice,
Fechas asociadas con el nombre [NR] 1862-1949
ID Autoridad 103226
242 00 - TRADUCCION DEL TITULO POR LA AGENCIA CATALOGADORA [R]
Título [NR] Obras de Mauricio Maeterlinck.
Parte restante del título [NR] La Sabiduría y el Destino.
Mención de responsabilidad, etc. [NR] Mauricio Maeterlinck.
Código de idioma del título traducido [NR] spa
245 10 - MENCION DE TITULO [NR]
Título [NR] Oeuvres de Maurice Maeterlinck.
Parte restante del título [NR] La Sagesse et la Destinée.
Mención de responsabilidad, etc. [NR] Maurice Maeterlinck
260 ## - PUBLICACION, DISTRIBUCION, ETC. (PIE DE IMPRENTA) [R]
Lugar de publicación, distribución, etc. [R] París (Francia)
Nombre del editor, distribuidor, etc. [R] Mercure de France. Ed. Garnier [Mercurio de Francia. Editorial Garnier]
Fecha de publicación, distribución, etc. [R] 1914
300 ## - DESCRIPCION FISICA [R]
Extensión [R] 322 páginas
Dimensiones [R] 19 x 13 cm.
500 ## - NOTA GENERAL [R]
Nota general [NR] Detalles físicos: Si encuadernación original, actualmente, encuadernación rígida (holandesa) en cartón forrado en papel texturizado (negro). Lomo en tela, con letras y líneas decorativas en dorado. Guardas. Anteportada. Portada impresa en una sola tinta; grabado con marca tipográfica del editor. Dedicatoria. Texto impreso en una sola columna. Márgenes amplios. Cortes decorados con jaspeados de color azul. Sin índice.
505 2# - NOTA DE CONTENIDO CON FORMATO PREESTABLECIDO [R]
Nota de contenido con formato preestablecido [NR] Capítulos I al CXVII
506 ## - NOTA DE RESTRICCIONES DE ACCESO [R]
Condiciones de acceso [NR] Consulta en sala
546 ## - NOTA DE IDIOMA [R]
Nota de idioma [NR] Texto en francés
650 #7 - ASIENTO SECUNDARIO DE MATERIA - TERMINO TEMATICO [R]
9 (RLIN) 14551
Término temático o nombre geográfico como elemento de entrada [NR] Ensayos belgas
690 ## - ASUNTO AGREGADO LOCAL DE ENTRADA - TÉRMINO TEMÁTICO (OCLC, RLIN)
Acceso temático local Literatura europea
9 (RLIN) 26524
942 ## - ELEMENTOS DE ENTRADA AGREGADOS (KOHA)
Sistema de clasificación LOCAL
Tipo de ítem principal el descrito en 300a Libro
Edición 1
Clasificación E54N058
Existencias
Suprimido Perdido Sistema de clasificación Dañado No prestable Tipo de ítem específico Ubicación habitual Ubicación actual Localización Fecha de creación Forma de adquisición Costo Total préstamos Signatura topográfica Código de barras Última vez visto Ejemplar Price effective from Tipo de ítem
    LOCAL     Libro archivo Archivo Histórico Archivo Histórico Archivo histórico 21/03/2025 Donación 0.00   E54N058 L007201 21/03/2025 Ej.1 21/03/2025 Libro